000 00219nam a22001097a 4500
082 _a530.E ENE
100 _aPRENIS JOHN
_975043
245 _aENERGY BOOK.2
260 _aUSA
_bPDF
_c1977
300 _a125P
942 _cBK
999 _c580535
_d580535